000 00880nac a22002771i 4500
003 EG-ScBUE
005 20250109100046.0
008 250109s2004 gw a f b 001 0 eng d
020 _a3540207414 (acid-free paper)
020 _a9783540207412
040 _aEG-ScBUE
_beng
_erda
_cEG-ScBUE
_dEG-ScBUE
082 0 4 _a523.7
_bSTI
_222
100 1 _aStix, Michael,
_eauthor.
245 1 4 _aThe sun :
_ban introduction /
_cMichael Stix.
250 _aSecond edition.
264 1 _aBerlin ;
_aNew York :
_bSpringer,
_c2004.
300 _axvi, 490 pages :
_billustrations (some color) ;
_c24 cm.
336 _2rdacontent
_atext
_btxt
337 _aunmediated
_2rdamedia
_bn
338 _avolume
_bnc
_2rdacarrier
490 0 _aA&A library
504 _aIncludes bibliographical references and index.
651 7 _aSun.
_2BUEsh
655 _vReading book
942 _cBB
_2ddc
999 _c2232
_d2232